Political implications of economic reform in communist systems : (Record no. 163011)

MARC details
000 -LEADER
fixed length control field 00882pam a2200265 a 4500
008 - FIXED-LENGTH DATA ELEMENTS--GENERAL INFORMATION
fixed length control field
020 ## - INTERNATIONAL STANDARD BOOK NUMBER
International Standard Book Number 0814711413 (pbk.)
049 ## - LOCAL HOLDINGS (OCLC)
Holding library MAIN
050 00 - LIBRARY OF CONGRESS CALL NUMBER
Classification number HX44
Item number POL
003 - CONTROL NUMBER IDENTIFIER
control field
005 - DATE AND TIME OF LATEST TRANSACTION
control field 20230123134254.0
040 ## - CATALOGING SOURCE
Transcribing agency NUST
245 00 - TITLE STATEMENT
Title Political implications of economic reform in communist systems :
Remainder of title communist dialectic /
Statement of responsibility, etc. edited by Donna L. Bahry and Joel C. Moses.
260 ## - PUBLICATION, DISTRIBUTION, ETC.
Place of publication, distribution, etc. New York :
Name of publisher, distributor, etc. New York University Press,
Date of publication, distribution, etc. [c1990]
300 ## - PHYSICAL DESCRIPTION
Extent xiii, 358 p. :
Other physical details ill. ;
Dimensions 23 cm.
504 ## - BIBLIOGRAPHY, ETC. NOTE
Bibliography, etc. note Includes bibliographical references and index.
650 #0 - SUBJECT ADDED ENTRY--TOPICAL TERM
Topical term or geographic name entry element Communism.
650 #0 - SUBJECT ADDED ENTRY--TOPICAL TERM
Topical term or geographic name entry element Perestro�ika.
651 #0 - SUBJECT ADDED ENTRY--GEOGRAPHIC NAME
Geographic name Communist countries
General subdivision Economic policy.
651 #0 - SUBJECT ADDED ENTRY--GEOGRAPHIC NAME
Geographic name Soviet Union
General subdivision Economic policy
Chronological subdivision 1986-1991.
700 1# - ADDED ENTRY--PERSONAL NAME
Personal name Bahry, Donna.
700 1# - ADDED ENTRY--PERSONAL NAME
Personal name Moses, Joel C.
907 ## - LOCAL DATA ELEMENT G, LDG (RLIN)
a .b1021642x
b 01-11-06
c 05-10-06
942 ## - ADDED ENTRY ELEMENTS (KOHA)
Koha item type Ordinary Loan Books
Holdings
Date last seen Total Checkouts Full call number Barcode Cost, replacement price Price effective from Koha item type Lost status Source of classification or shelving scheme Damaged status Not for loan Collection Withdrawn status Home library Current library Shelving location Date acquired Cost, normal purchase price
01/23/2023 1 HX44 POL 92003007721 80.00 01/23/2023 BOOKS   LCC     NFIC   MAIN MAIN GEN 01/23/2023 80.00